[Event "Silla Christmas op"]
[Site "Silla"]
[Date "2001.12.29"]
[Round "6.1"]
[White "Beso Portales, Cesar"]
[Black "Rodriguez Valencoso, Juan Carlos"]
[Result "1-0"]
[WhiteElo "2265"]
[BlackElo "2128"]
[PlyCount "89"]
[EventDate "2001.12.23"]
[EventType "swiss"]
[EventRounds "8"]
[EventCountry "ESP"]
[SourceTitle "EXT 2003"]
[Source "ChessBase"]
[SourceDate "2002.11.25"]
[SourceVersion "1"]
[SourceVersionDate "2002.11.25"]
[SourceQuality "1"]

1. d4 Nf6 2. Nf3 g6 3. Nc3 d5 4. Bf4 Bg7 5. e3 0-0 6. Be2 c6 7. h4 Nh5 8. Be5 f6 9. Bxb8 Rxb8 10. Nd2 e5 11. Nb3 exd4 12. Nxd4 f5 13. Bxh5 gxh5 14. Qxh5 Bxd4 15. exd4 Qe8+ 16. Qxe8 Rxe8+ 17. Kd2 f4 18. Rae1 Bg4 19. Rxe8+ Rxe8 20. Re1 Rxe1 21. Kxe1 f3 22. g3 Kf7 23. Kd2 Kf6 24. Nd1 Bf5 25. Ne3 Be4 26. a3 h5 27. c3 Kg6 28. Nf1 Kf5 29. Ke3 b6 30. b4 a5 31. Nh2 axb4 32. axb4 Bc2 33. Nxf3 Ba4 34. Ne5 c5 35. bxc5 bxc5 36. Nd3 cxd4+ 37. Kxd4 Bb3 38. Nf4 Kg4 39. Ke5 Bd1 40. Kxd5 Kf3 41. Nxh5 Kxf2 42. Nf6 Bb3+ 43. Ke5 Kxg3 44. h5 Kf3 45. h6 1-0

[Event "Silla Christmas op"]
[Site "Silla"]
[Date "2001.12.27"]
[Round "4.3"]
[White "Gomez Manzano, Francisco Carlos"]
[Black "Rodriguez Valencoso, Juan Carlos"]
[Result "0-1"]
[WhiteElo "1872"]
[BlackElo "2128"]
[PlyCount "62"]
[EventDate "2001.12.23"]
[EventType "swiss"]
[EventRounds "8"]
[EventCountry "ESP"]
[SourceTitle "EXT 2003"]
[Source "ChessBase"]
[SourceDate "2002.11.25"]
[SourceVersion "1"]
[SourceVersionDate "2002.11.25"]
[SourceQuality "1"]

1. e4 c5 2. d4 cxd4 3. c3 dxc3 4. Nxc3 d6 5. Bc4 Nf6 6. Bg5 e6 7. Rc1 Nc6 8. Nge2 Be7 9. 0-0 a6 10. Bb3 0-0 11. Be3 Na5 12. Ng3 b5 13. f4 Nxb3 14. Qxb3 Ng4 15. Nd1 Nxe3 16. Qxe3 Bb7 17. Rf2 e5 18. Nf5 Bf6 19. Qd3 d5 20. fxe5 Bxe5 21. exd5 g6 22. Nh6+ Kg7 23. Ng4 Qg5 24. Nde3 Rad8 25. Re1 Kh8 26. h4 Qh5 27. Ref1 Bxd5 28. Nxd5 Qxg4 29. Rf4 Qe6 30. Rd4 Kg8 31. Nf6+ Bxf6 0-1

[Event "Silla Christmas op"]
[Site "Silla"]
[Date "2001.12.24"]
[Round "2.2"]
[White "Raga Alfaro, Hector"]
[Black "Rodriguez Valencoso, Juan Carlos"]
[Result "0-1"]
[WhiteElo "1850"]
[BlackElo "2128"]
[PlyCount "50"]
[EventDate "2001.12.23"]
[EventType "swiss"]
[EventRounds "8"]
[EventCountry "ESP"]
[SourceTitle "EXT 2003"]
[Source "ChessBase"]
[SourceDate "2002.11.25"]
[SourceVersion "1"]
[SourceVersionDate "2002.11.25"]
[SourceQuality "1"]

1. d4 Nf6 2. c4 g6 3. Nc3 Bg7 4. e4 d6 5. Be3 0-0 6. Be2 e5 7. f4 exd4 8. Bxd4 Nc6 9. Nf3 Re8 10. Qd3 Nb4 11. Qb1 c5 12. Bf2 Ng4 13. Bh4 Qa5 14. 0-0 Ne3 15. Rc1 Be6 16. a3 Nc6 17. Nd5 Bxd5 18. cxd5 Nd4 19. Nxd4 Bxd4 20. Be1 Qb6 21. Bc3 Nxd5+ 22. Bxd4 cxd4 23. Bc4 Ne3 24. b4 d3 25. Kh1 d2 0-1